Setas, hongos: guía ilustrada

Bewaard in:
Bibliografische gegevens
Hoofdauteur: Diego Calonge, Francisco de
Formaat: Boek
Taal:Spaans
Gepubliceerd in: Madrid, España Mundi-Prensa 1979
Onderwerpen:
Tags: Voeg label toe
Geen labels, Wees de eerste die dit record labelt!

MARC

LEADER 00000nam a2200000 a 4500
001 UCK9312
003 CL-VaPUC
005 20250224162054.0
008 060428e19790000SP |||||||||||||||||spa|d
999 |c 316533  |d 316531 
020 |a 8471140810 
040 |c Pontificia Universidad Católica de Valparaíso 
082 0 4 |a 635.8 DIE 1979  |2 21 
100 0 |a Diego Calonge, Francisco de  |9 499037 
245 1 0 |a Setas, hongos: guía ilustrada 
260 0 3 |a Madrid, España  |b Mundi-Prensa  |c 1979 
300 |a 315 páginas 
583 |a last modification  |c 20060428 00:00:00  |k Rodrigo Vera 
650 0 |a Hongos  |9 261629 
650 7 |a SETAS COMESTIBLES  |2 CL-VaPUC  |9 499038 
650 0 |a Hongos venenosos  |9 484563 
650 7 |a TOXICOLOGIA  |2 CL-VaPUC  |9 306970 
650 7 |a TECNOLOGIA DE ALIMENTOS  |2 CL-VaPUC  |9 499039 
942 |c BK  |2 ddc 
945 |d 20060428 00:00:00  |a cmena